Équipes ayant marqué le plus de buts au Championnat d'Europe - Statistiques

Statistiques générales
  • Ce quiz a été pris 51 fois
    18 depuis la dernière actualisation
  • Le résultat moyen est 7 sur 8
Statistiques - réponses
Buts Équipe % Correct
89 Allemagne / Allemagne de l’Ouest
100%
83 Espagne
100%
73 France
100%
61 Portugal
100%
55 Italie
94%
59 Angleterre
88%
75 Pays-Bas
69%
51 République tchèque / Tchécoslovaquie
50%
Aucun quiz correspondant
Distribution des résultats
% des personnes avec chaque résultat
Percentile par nombre de réponses
Votre historique - résultats
Vous n’avez pas pris ce quiz depuis la dernière actualisation